000 01673nam a22002057a 4500
999 _c772
_d772
003 AR-CdUCM
008 190225b ||||| |||| 00| 0 spa d
040 _aMUNICIPALIDAD PROVINCIAL DEL CUSCO
_cBIBLIOTECA MUNICIPAL DEL CUSCO
082 _a869.56 /
_bG26
100 _aGarrido Malaver, Julio
_92596
245 _aPoesía /
_cGarrido Malaver, Julio
260 _aPerú :
_bAsesoría Cultural de la Universidad Nacional Pedro Ruiz Gallo de Lambayeque,
_bGráfica Labor,
_c1988.
300 _a7 tomos ;
_c21 cm.
505 _aContenido : t.1 : Prólogo de Antenor Orrego -- Canto a la primavera -- Vida de pueblo -- Palabras de tierra -- Del sembrador. -- t.2 : Florecimiento en la sombra -- el día blanco -- lo posible en el Afán -- espirales. -- t.3 : Un poema del ser y de la Transcendencia -- la dimensión de la piedra -- de los tonos idénticos -- de los días distintos -- t.4 : De los instantes -- Canto del amor agrario -- El nuevo canto del hombre -- Manantiales -- De la circunferencia -- De algunas tardes -- Tono de afirmación. -- t.5 : Relato de un retrato -- el canto solo -- carta a mi madre -- escritura para el tiempo -- historia elemental. -- t.6 : Tonos de claridad -- Para que lo repitan los pájaros -- Edad del tiempo -- Del otro incendio -- Algo me dice que mañana el hombre -- Transparencia. -- t.7 : Los cantos de la sangre castigada -- Una mañana con Dios -- De los días anónimos junto al mar -- Barrio de pobres -- Con los mismos pasos -- Para finalizar por el comienzo, por: Cesar Calvo.
650 _aPoesías peruana.
_92954
650 _aSiglo XX
_98
650 _aLiteratura.
_983
942 _2ddc
_cLIBROS
945 _aachl
_d2019-02-25